Cuentos completos (1933-1993) / (Registro nro. 10621)

Detalles MARC
000 -LIDER
fixed length control field 00843nam a22002657a 4500
001 - NÚMERO DE CONTROL
Identificador de número de control 000331
003 - IDENTIFICACDOR DE NÚMERO DE CONTROL
control field DO-SdBNP
005 - DATE AND TIME OF LATEST TRANSACTION
control field 20220607074930.0
007 - CAMPOS FIJOS DE DESCRIPCIÓN FÍSICA
fixed length control field 000331
008 - ELEMENTOS DE LONGITUD FIJA
fixed length control field 160628b2009 sp 00| 0 spa d
020 ## - ISBN
International Standard Book Number 9788420474434
040 ## - FUENTE DE CATALOGACIÓN
Agencia que crea de manera original el registro BPMSU
Idioma de catalogación spa
Agencia que realiza la transcripción BPMSU
082 ## - NÚMERO DE CLASIFICACIÓN DECIMAL DE DEWEY
Classification number U863.6
Item number O58c 2009
Edition number 22
100 1# - ASIENTO PRINCIPAL -- NOMBRE PERSONAL
Nombre personal Onetti, Juan Carlos,
Fechas asociadas con el nombre 1909-1994.
245 10 - MENCIÓN DE TITULO
Título Cuentos completos (1933-1993) /
Mención de responsabilidad Juan Carlos Onetti ; edición de Hortensia Campanella.
Subtítulo
246 14 - VARIACION DEL TÍTULO
Título propiamente dicho o título corto Cuentos completos
260 ## - PUBLICACIÓN, DISTRIBUCIÓN, ETC. (PIE DE IMPRENTA)
Lugar de publicación, distribución, etc Madrid :
Nombre del editor, distribuidor, etc. Alfaguara,
Fecha de publicación, distribución, etc 2009.
300 ## - DESCRIPCIÓN FÍSICA
Extensión 536 p. ;
Dimensiones 24 cm.
500 ## - NOTA GENERAL
Nota general Incluye datos biográficos de la autor en la solapa de la cubierta.
590 ## - NOTA LOCAL
Enlace Inventariado, 2022/VM
650 #4 - ENCABEZAMIENTO DE MATERIA--TEMÁTICO
Término temático o nombre geográfico como elemento de entrada Cuentos uruguayos.
Subdivisión de forma Colecciones
700 1# - ASIENTO SECUNDARIO -- NOMBRE PERSONAL
Nombre personal Campanella, Hortensia,
Fechas asociadas con el nombre 1947-
Mención de responsabilidad edición
910 ## - VALIDACIÓN
Validación VMateo V.
942 ## - ADDED ENTRY ELEMENTS (KOHA)
Source of classification or shelving scheme Dewey Decimal Classification
Koha item type Libros
Existencias
Withdrawn status Lost status Source of classification or shelving scheme Damaged status Not for loan Collection code Home library Current library Date acquired Source of acquisition Full call number Barcode Date last seen Price effective from Koha item type Copy number
    Dewey Decimal Classification     Colección General Biblioteca Pública Metropolitana Salomé Ureña Biblioteca Pública Metropolitana Salomé Ureña 06/28/2016 Alfaguara BPMSU CG U863.6 O58c 2009 BPMSU16060674 06/28/2016 06/28/2016 Libros  
    Dewey Decimal Classification     Colección General Biblioteca Pública Metropolitana Salomé Ureña Biblioteca Pública Metropolitana Salomé Ureña 06/28/2016 Alfaguara BPMSU CG U863.6 O58c 2009 BPMSU16060675 06/28/2016 06/28/2016 Libros e. 2